000 00578nam a2200181Ia 4500
008 151018s9999 xx 000 0 und d
082 _bRBASDV21874
_a891.463
100 _aयोगिनी जोगळेकर
245 _aसांगाती
250 _b1
260 _bराजेंद्र प्रकाशन ठाणे
_c1989
300 _a214
600 _aयोगिनी जोगळेकर
630 _aसांगाती
700 _aयोगिनी जोगळेकर
730 _aसांगाती
942 _cBOOK
999 _c1021548
_d1021545